000 00400nam a22001697a 4500
005 20180412111526.0
008 160622b xxu||||| |||| 00| 0 eng d
020 _a81-7194-123-0
041 _aeng
082 _b8971
_a343.04
100 _aSinghania, Dr. Vinod K
_94267
245 _aDirect Taxes Ready Rockoner
260 _bTaxmann
300 _aA-302
650 _aManagement
_9241
942 _cBK
999 _c3519
_d3518